Region Seats of New Zealand - Statistics

General Stats
  • This quiz has been taken 57 times
  • The average score is 13 of 16
Answers on the Map
Answers color-coded by a green-red scale on the quiz's map according to % correct below.
 
Answer Stats
Region Answer % Correct
Auckland Auckland
97%
Wellington Wellington
97%
Canterbury Christchurch
95%
Nelson Nelson
92%
Waikato Hamilton
87%
Otago Dunedin
85%
Gisborne Gisborne
85%
Southland Invercargill
85%
Manawatū-Whanganui Palmerston North
82%
Northland Whangārei
82%
Hawke's Bay Napier
79%
Marlborough Blenheim
72%
West Coast Greymouth
72%
Taranaki Stratford
67%
Bay of Plenty Whakatāne
64%
Tasman Richmond
59%
No matching quizzes found
Score Distribution
Percent of People with Each Score
Percentile by Number Answered
Your Score History
You have not taken this quiz